Sciences par lettre - L - Statistiques

Statistiques générales
  • Ce quiz a été pris 150 fois
  • Le résultat moyen est 17 sur 20
Statistiques - réponses
Indices Réponses % Correct
Matière en fusion émise lors d'une éruption volcanique Lave
98%
Satellite naturel de la Terre, situé à environ 384 400 km de celle-ci Lune
98%
Élément chimique (de symbole " Li "), couramment employé pour la fabrication des piles et des batteries Lithium
96%
Local équipé d'installations et d'appareils nécessaires à la réalisation d'expériences (physiques, chimiques, biologiques…) Laboratoire
95%
Acronyme de "Light Amplification by Stimulated Emission of Radiation", ce dispositif produit un rayonnement lumineux Laser
93%
Champignon unicellulaire, couramment employé pour assurer la fermentation du pain et de la bière Levure
92%
Changement d'état au cours duquel un corps passe de l'état gazeux à l'état liquide Liquéfaction
91%
Rayonnement électromagnétique perceptible par l'œil humain, se propageant dans le vide à une vitesse de 300 000 km/s Lumière
90%
Corps gras représentant, avec les glucides et les protéines, l'une des trois grandes familles de macronutriments Lipides
89%
Bande de tissu conjonctif fibreux très solide, qui relie les os entre eux au sein d'une articulation Ligament
88%
Sucre, de formule brute C12H22O11, naturellement présent dans le lait et les produits laitiers Lactose
86%
Instrument d'optique, constitué d'une lentille convergente, permettant d'obtenir l'image agrandie d'un objet Loupe
84%
Chimiste français, prénommé Antoine, auteur de la maxime : "Rien ne se perd, rien ne se crée, tout se transforme" Lavoisier
82%
Fonction mathématique, réciproque de la fonction exponentielle, définie par : f (x) = log (x) Logarithme
82%
Cancer affectant les cellules sanguines (notamment les globules blancs), et prenant naissance dans la moelle osseuse Leucémie
75%
Se dit de la fonction dont l'expression mathématique est du type : f (x) = ax Linéaire
75%
Onzième lettre de l'alphabet grec (Λ, λ), utilisée en physique comme symbole de la longueur d'onde Lambda
73%
Système d'exploitation Open Source de type UNIX, ayant un manchot pour logo Linux
71%
Couche externe de la Terre, comprenant la croûte terrestre et une partie du manteau supérieur Lithosphère
61%
Processus - se déroulant à basse température et sous vide - de déshydratation d'un aliment, assurant sa conservation Lyophilisation
52%
Aucun quiz correspondant
Distribution des résultats
% des personnes avec chaque résultat
Percentile par nombre de réponses
Votre historique - résultats
Vous n’avez pas pris ce quiz